<?xml version='1.0' encoding='UTF-8'?><?xml-stylesheet href='static/style.xsl' type='text/xsl'?><OAI-PMH xmlns="http://www.openarchives.org/OAI/2.0/" xmlns:xsi="http://www.w3.org/2001/XMLSchema-instance" xsi:schemaLocation="http://www.openarchives.org/OAI/2.0/ http://www.openarchives.org/OAI/2.0/OAI-PMH.xsd"><responseDate>2026-04-30T15:19:14Z</responseDate><request verb="GetRecord" identifier="oai:ebiltegia.mondragon.edu:20.500.11984/4106" metadataPrefix="marc">https://ebiltegia.mondragon.edu/oai/request</request><GetRecord><record><header><identifier>oai:ebiltegia.mondragon.edu:20.500.11984/4106</identifier><datestamp>2024-01-04T21:56:54Z</datestamp><setSpec>com_20.500.11984_1736</setSpec><setSpec>com_20.500.11984_1627</setSpec><setSpec>col_20.500.11984_1972</setSpec></header><metadata><record xmlns="http://www.loc.gov/MARC21/slim" xmlns:dcterms="http://purl.org/dc/terms/" xmlns:xsi="http://www.w3.org/2001/XMLSchema-instance" xmlns:doc="http://www.lyncode.com/xoai" xsi:schemaLocation="http://www.loc.gov/MARC21/slim http://www.loc.gov/standards/marcxml/schema/MARC21slim.xsd">
   <leader>00925njm 22002777a 4500</leader>
   <datafield ind2=" " ind1=" " tag="042">
      <subfield code="a">dc</subfield>
   </datafield>
   <datafield ind2=" " ind1=" " tag="720">
      <subfield code="a">Mondragon Unibertsitatea</subfield>
      <subfield code="e">author</subfield>
   </datafield>
   <datafield ind2=" " ind1=" " tag="260">
      <subfield code="c">2014-12-19</subfield>
   </datafield>
   <datafield ind2=" " ind1=" " tag="520">
      <subfield code="a">Amaitu da Enpresagintzako neguko barne txapelketa. Areto futbolean, Belar Txarrak taldeak irabazi du txapelketa, finala Celtic taldeari irabazita. 3X3 saskibaloi txapelketan, berriz, GADE 4 taldea izan da garailea, finala Pibona de Zagreb taldeari azken segunduko hirukoaz irabazita.&#xd;
&#xd;
Zorionak guztioi!</subfield>
   </datafield>
   <datafield ind2=" " ind1=" " tag="520">
      <subfield code="a">Ha finalizado el campeonato de invierno de Enpresagintza, y tenemos dos ganadores. Por un lado, el de fútbol sala: Belar Txarrak, que ganó a Celtic en la final. Por otro lado, GADE 4 ganó la final del 3X3 de baloncesto al Pibona de Zagreb, en una final ajustadísima que acabó decantándose a favor de los de cuarto con un triple en el último segundo. ¡Enhorabuena a todos!</subfield>
   </datafield>
   <datafield ind1="8" ind2=" " tag="024">
      <subfield code="a">https://hdl.handle.net/20.500.11984/4106</subfield>
   </datafield>
   <datafield tag="653" ind2=" " ind1=" ">
      <subfield code="a">Kirol-zerbitzua</subfield>
   </datafield>
   <datafield ind2="0" ind1="0" tag="245">
      <subfield code="a">Belar Txarrak txapeldun areto futbolean; GADE 4, berriz, saskibaloian</subfield>
   </datafield>
   <datafield ind2="0" ind1="0" tag="245">
      <subfield code="a">El campeonato de fútbol sala ha sido para Belar Txarrak, y el de baloncesto 3X3 para GADE 4</subfield>
   </datafield>
</record></metadata></record></GetRecord></OAI-PMH>